00580 2200193 4500001002100000008004100021035002000062245008500082100002200167260003300189300003100222020002200253084001600275520003000291082001000321650003300331990001100364990001100375INLIS000000000015439 ind  a0010-1222000518 aTips Cermat Hamil dan Memilih Jenis Kelamin AnakcHelmanu Kurniadi; editor, Qoni aHELMANU, Kurniadi aYogyakarta :bFamilia,c2022 axvi, 165 hal.: ilusc19 cm a978-602-310-019-4 a612.6 HEL t aBibliografi : hal.163-165 a612.6 aFISIOLOGI MANUSIA. KEHAMILAN a9797 a a9797 b